| 000 | 00395nam a2200157Ia 4500 | ||
|---|---|---|---|
| 100 | _aRamamoorty/ M. | ||
| 650 | _aElectrical Engineering | ||
| 942 | _cBK | ||
| 654 | _aThyristors & Their applications | ||
| 245 | _aIntroduction To Thyristors & Their Applications | ||
| 260 |
_bEast-West press _aNEW DELHI _c1977 |
||
| 082 |
_a621.3 _bram |
||
| 300 | _a312 | ||
| 546 | _aENGLISH | ||
| 999 |
_c25582 _d25582 |
||